Statistics for Brawl Stars Brawlers

Click here to take the quiz!

General Stats

  • This quiz has been taken 44 times
    (37 since last reset)
  • The average score is 34 of 43

Answer Stats

RarityBrawler% Correct
Trophy RoadBull
100%
Trophy RoadNita
100%
Starting BrawlerShelly
100%
Trophy RoadColt
96%
Trophy RoadBo
93%
LegendaryCrow
93%
Trophy RoadBrock
89%
Trophy RoadEmz
89%
LegendaryLeon
89%
RareEl Primo
86%
EpicFrank
86%
Trophy RoadJessie
86%
MythicMortis
86%
RarePoco
86%
RareRosa
86%
LegendarySpike
86%
RareBarley
82%
ChromaticColette
82%
Trophy RoadDynamike
82%
Super RarePenny
82%
LegendaryAmber
79%
Super RareDarryl
79%
MythicGene
79%
EpicPam
79%
EpicPiper
79%
Super RareRico
79%
Trophy Road8-BIT
75%
EpicBibi
75%
ChromaticGale
75%
Super RareJacky
75%
LegendarySandy
75%
ChromaticSurge
75%
Trophy RoadTick
75%
Super RareCarl
71%
MythicMr. P
71%
MythicTara
71%
EpicBea
68%
ChromaticLou
68%
EpicEdgar
64%
EpicNani
64%
MythicMax
61%
MythicSprout
54%
MythicByron
46%

Score Distribution

Percentile by Number Answered

Percent of People with Each Score

Your Score History

You have not taken this quiz since the last reset